Theory and contextual analysis in sentencing

Guardado en:  
Detalles Bibliográficos
Autor principal: Henham, Ralph (Autor)
Tipo de documento: Print Artículo
Lenguaje:Inglés
Publicado: 2001
En: International journal of the sociology of law
Año: 2001, Volumen: 29, Número: 3, Páginas: 253-276
Verificar disponibilidad: HBZ Gateway
Palabras clave:

MARC

LEADER 00000caa a22000002c 4500
001 1639153047
003 DE-627
005 20220608124221.0
007 tu
008 160223s2001 xx ||||| 00| ||eng c
035 |a (DE-627)1639153047 
035 |a (DE-576)455782938 
035 |a (DE-599)BSZ455782938 
040 |a DE-627  |b ger  |c DE-627  |e rakwb 
041 |a eng 
100 1 |a Henham, Ralph  |4 aut 
245 1 0 |a Theory and contextual analysis in sentencing  |c Ralph Henham 
264 1 |c 2001 
336 |a Text  |b txt  |2 rdacontent 
337 |a ohne Hilfsmittel zu benutzen  |b n  |2 rdamedia 
338 |a Band  |b nc  |2 rdacarrier 
773 0 8 |i In  |t International journal of the sociology of law  |d London [u.a.] : Academ. Pr., 1979  |g 29(2001), 3, Seite 253-276  |w (DE-627)130450707  |w (DE-600)717269-2  |w (DE-576)015996611  |x 0194-6595  |7 nnas 
773 1 8 |g volume:29  |g year:2001  |g number:3  |g pages:253-276 
935 |a mkri 
951 |a AR 
ELC |b 1 
LOK |0 000 xxxxxcx a22 zn 4500 
LOK |0 001 3299460595 
LOK |0 003 DE-627 
LOK |0 004 1639153047 
LOK |0 005 20160223094659 
LOK |0 008 160208||||||||||||||||ger||||||| 
LOK |0 040   |a DE-21-110  |c DE-627  |d DE-21-110 
LOK |0 689   |a s  |a Strafzumessungsrecht 
LOK |0 689   |a s  |a Strafzumessungspolitik 
LOK |0 689   |a s  |a Strafzumessungspraxis 
LOK |0 689   |a s  |a Rechtssoziologie 
LOK |0 852   |z Kein Bestand am IfK; Nachweis für KrimDok 
LOK |0 852   |a DE-21-110 
LOK |0 852 1  |m v  |9 00 
LOK |0 935   |a k110 
LOK |0 938   |k v 
LOK |0 939   |a 08-02-16  |b l01 
ORI |a SA-MARC-krimdoka001.raw